000
00267nam a2200121Ia 4500
008
190216s9999||||xx |||||||||||||| ||und||
100
_a
Karl Max
245
0
_a
Mooladhanam
260
_b
National Book Stall
_c
1968
300
_a
739p
650
_a
History
942
_c
BK
999
_c
18696
_d
18696